Sushi by Picture 🍣 - Statistics

General Stats
  • This quiz has been taken 8,302 times
    8,217 since last reset
  • The average score is 8 of 14
Answer Stats
Picture Answer % Correct
Salmon (sake)
97%
Tuna (maguro)
94%
Shrimp (ebi)
91%
Eel (unagi)
73%
Egg (tamago)
71%
Octopus (tako)
68%
Crab (kani)
62%
Scallop (hotate)
49%
Sea urchin (uni)
48%
Squid (ika)
47%
Salmon roe (ikura)
39%
Mackerel (saba)
26%
Yellowtail (hamachi)
23%
Surf clam (hokigai)
13%
No matching quizzes found
Score Distribution
Percent of People with Each Score
Percentile by Number Answered
Your Score History
You have not taken this quiz since the last reset